Bratrovrah a tvůrce státu : život a doba knížete Boleslava I. /

Uložené v:
Podrobná bibliografia
Hlavný autor: Lutovský, Michal, 1961- (Author, Photographer)
Médium: Kniha
Jazyk:Czech
Vydané: Praha : SET OUT, 2006
Vydanie:2. dopl. vyd.
Témy:
ISBN: 8086277496 (brož.)
Fyzický popis: 222 s. : čb. fotogr., il., mp. ; 22 cm
Tagy: Pridať tag
Žiadne tagy, Buďte prvý kto otaguje tento záznam!

MARC

LEADER 00000nam a2200000 a 4500
001 000020607
005 20060601095406.0
008 060314s2006 xr abe e b 000 0 czeo
020 |a 8086277496 (brož.) 
040 |a SVKKK  |b slo  |c SVKKK  |e AACR2 
041 0 |a cze 
044 |a xr  |c CZ 
072 7 |a 929  |x Biografie  |2 konspekt 
072 7 |a 94(437)  |x Dejiny Česka a Slovenska  |2 konspekt 
080 |a 929  |2 1997 
080 |a 94(437.3)  |2 1997 
100 1 |a Lutovský, Michal,  |d 1961-  |4 aut  |4 pht 
245 1 0 |a Bratrovrah a tvůrce státu :  |b život a doba knížete Boleslava I. /  |c Michal Lutovský 
250 |a 2. dopl. vyd. 
260 |a Praha :  |b SET OUT,  |c 2006 
300 |a 222 s. :  |b čb. fotogr., il., mp. ;  |c 22 cm 
500 |a Ilustrácia na titul. strane 
500 |a Foto: Michal Lutovský 
504 |a Poznámky. Bibliografia s. 211-220 
600 0 7 |a Boleslav  |b I.,  |c české knieža,  |d 910-972  |2 SVKKKMA 
651 7 |a Česko  |x dejiny  |2 SVKKKPH 
651 7 |a Česko  |y stor. 10.  |2 SVKKKPH 
655 7 |a biografie  |2 SVKKKPH 
919 |a 80-86277-49-6 
998 |a BK 
090 |g SCKHL  |k Sklad Pribinova prízemie  |a IV.195677  |j 977378  |i 2720032289  |s Absenčne